000
00322nam a22001337a 4500
008
210607b ||||| |||| 00| 0 eng d
041
_a
eng
080
_a
617
082
_a
617
100
_a
6
101
_a
ANE
245
_a
Principles and Practice of Obstetric Analgesia & Anesthesia
_c
John J. Bonica
942
_2
udc
_c
BK
999
_c
58034
_d
58034